|
|
|
|
| LEADER |
00000nam a22000007a 4500 |
| 005 |
20110829113759.0 |
| 008 |
110829t2010 po ||||s|||| 001 0 por d |
| 020 |
|
|
|a 978-972-749-232-9
|
| 035 |
|
|
|a 5672
|
| 040 |
|
|
|a vLex
|
| 090 |
|
|
|c 2284
|d 2284
|
| 100 |
1 |
|
|a Laureano, Abel
|
| 245 |
1 |
0 |
|a Procedimiento administrativo
|b Casos prc̀ticos simplificados e resolvidos /
|c Abel Laureano
|h [Recurso electrn̤ico] :
|
| 256 |
|
|
|a Servicio en ln̕ea.
|
| 260 |
|
|
|a Oporto :
|b Elcla editora,
|c 2010.
|
| 500 |
|
|
|a Foi em resultado da actividade acadm̌ica do autor, no ensino da cadeira de Direito Administrativo da Licenciatura em Sociologia, da Licenciatura em Ln̕guas Aplicadas, da Universidade do Porto, que nasceu esta colectńea de Casos Prt̀icos, delineados sobre o signo da demanda de um ajustamento s̉ caracters̕ticas dos respectivos alunos e circunscritos ̉matřia do Procedimento Administrativo.
|
| 506 |
1 |
|
|a Contenido solo disponible en los productos indicados
|d vLex Global
|d vLex Global (Academic Edition, excluding Law Schools)
|d vLex Global (U.S. Academic Edition, Law Schools)
|d vLex Global (U.S. Academic Edition, excluding Law Schools)
|d vLex Global (Academic Edition, Law Schools)
|
| 650 |
0 |
4 |
|a Derecho administrativo
|
| 740 |
0 |
|
|a vLex Libros (Servicio en ln̕ea)
|
| 856 |
4 |
0 |
|u http://vlex.com/source/procedimiento-administrativo-casos-practicos-simplificados-resolvidos-5672
|z Acceso restringido
|
| 942 |
|
|
|c BOOK
|